00542 2200181 4500001002100000005001500021035002000036008004100056245004100097100002100138260003800159300002500197084002000222082001000242650007000252020001800322990002000340INLIS00000000000294720241212041604 a0010-1224000479241212 0 ind 1 aHama Dan Penyakit Tanaman /cPracaya aPracaya, Pracaya aJakarta :bPenebar Swadaya,c1999 a418 hlm. ;c15x23 cm a632.3 PRA H C.1 a632.3 4aPenyakit pada Tanaman Pertanian, Penyakit pada Tumbuhan Pertanian a979-489-098-7 a010711200005342